000 01450nam a22002657a 4500
003 OSt
005 20210317112935.0
008 210317s2013 ck ad||grs|||a00| 0 spa d
020 _a9789585936621
_qObra independiente
040 _aCO-JMCR
_cCO-JMCR
041 0 _aspa
082 0 4 _a363.1109861 /
_bC718s
_223
110 1 _aColombia.
_bMinisterio del Trabajo
_936203
245 1 0 _aSegunda Encuesta Nacional de Condiciones de Seguridad y Salud en el Trabajo en el Sistema de Riesgos Laborales de Colombia /
_cMinisterio del Trabajo ; coautor Organización Iberoamericana de Seguridad Social-OISS ; revisión, Ma. Marcela Soler Guío, Luz Maryen Lozano R.
260 _aBogotá :
_bMinisterio del Trabajo,
_c2013
300 _a200 páginas :
_bilustraciones y gráficas a blanco y negro ;
_c28 cm.
504 _aBibliografía: páginas 175-177
505 0 _aObjetivos generales y específicos -- Metodología: Universos de estudio, diseño de las muestras, definición y descripción de la población, unidades de muestreo y de observación, parámetros de interés, tipo de muestreo, tamaño de la muestra.
650 1 4 _aSalud ocupacional
_vEncuestas
_zColombia
_936204
650 1 4 _aSeguridad industrial
_vEncuestas
_zColombia
_936205
700 1 _aSoler Guío, Ma. Marcela,
_erevisora
_936206
700 1 _aLozano R., Luz Maryen,
_erevisora
_936207
710 2 _aOrganización Iberoamericana de Seguridad Social-OISS
_936208
942 _2ddc
_cBK
999 _c15406
_d15406